<?xml version="1.0" encoding="UTF-8"?>
<record
    xmlns:xsi="http://www.w3.org/2001/XMLSchema-instance"
    xsi:schemaLocation="http://www.loc.gov/MARC21/slim http://www.loc.gov/standards/marcxml/schema/MARC21slim.xsd"
    xmlns="http://www.loc.gov/MARC21/slim">

  <leader>00794naa a2200217 a 4500</leader>
  <controlfield tag="001"> 85211</controlfield>
  <controlfield tag="003">BD-RjUL</controlfield>
  <controlfield tag="005">20250715130509.0</controlfield>
  <controlfield tag="008">250715s1969    pk ||||| |||| 00| 0 urd d</controlfield>
  <datafield tag="035" ind1=" " ind2=" ">
    <subfield code="a">(BD-RjUL) 85211</subfield>
  </datafield>
  <datafield tag="040" ind1=" " ind2=" ">
    <subfield code="a">BD-RjUL</subfield>
    <subfield code="b">eng</subfield>
    <subfield code="c">BD-RjUL</subfield>
  </datafield>
  <datafield tag="041" ind1=" " ind2=" ">
    <subfield code="a">urd</subfield>
  </datafield>
  <datafield tag="082" ind1=" " ind2=" ">
    <subfield code="2">23</subfield>
    <subfield code="a">297.273</subfield>
    <subfield code="b">SHI 1969</subfield>
  </datafield>
  <datafield tag="100" ind1=" " ind2=" ">
    <subfield code="a">&#x642;&#x637;&#x628; &#x634;&#x6C1;&#x6CC;&#x62F; &#x60C;  &#x633;&#x6CC;&#x62F; ;; Qutb Shaheed, Syed;</subfield>
    <subfield code="9">16043</subfield>
  </datafield>
  <datafield tag="245" ind1="1" ind2="0">
    <subfield code="a">&#x627;&#x633;&#x644;&#x627;&#x645; &#x6A9;&#x6CC; &#x627;&#x642;&#x62A;&#x635;&#x627;&#x62F;&#x6CC; &#x67E;&#x627;&#x644;&#x6CC;&#x633;&#x6CC;  ;; Islam ki aqtasadi palisi /</subfield>
    <subfield code="c">aa ki aqtasadi palisi ;; &#x633;&#x6CC;&#x62F; &#x642;&#x637;&#x628; &#x634;&#x6C1;&#x6CC;&#x62F; &#x61B; &#x645;&#x62A;&#x631;&#x62C;&#x645; &#x645;&#x62D;&#x645;&#x62F; &#x646;&#x62C;&#x627;&#x62A; &#x627;&#x644;&#x644;&#x6C1; &#x635;&#x62F;&#x6CC;&#x642;&#x6CC;</subfield>
  </datafield>
  <datafield tag="260" ind1=" " ind2=" ">
    <subfield code="a">Pakistan :</subfield>
    <subfield code="b">Islamic pub. ,</subfield>
    <subfield code="c">1969</subfield>
  </datafield>
  <datafield tag="300" ind1=" " ind2=" ">
    <subfield code="a">104 p.; </subfield>
    <subfield code="c">22 cm</subfield>
  </datafield>
  <datafield tag="650" ind1=" " ind2=" ">
    <subfield code="a">Islamic Economics</subfield>
    <subfield code="9">16044</subfield>
  </datafield>
  <datafield tag="700" ind1=" " ind2=" ">
    <subfield code="a"> [&#x645;&#x62A;&#x631;&#x62C;&#x645; ] &#x635;&#x62F;&#x6CC;&#x642;&#x6CC; &#x60C; &#x645;&#x62D;&#x645;&#x62F; &#x646;&#x62C;&#x627;&#x62A; &#x627;&#x644;&#x644;&#x6C1;</subfield>
    <subfield code="9">16046</subfield>
  </datafield>
  <datafield tag="942" ind1=" " ind2=" ">
    <subfield code="2">ddc</subfield>
    <subfield code="c">BK</subfield>
  </datafield>
  <datafield tag="999" ind1=" " ind2=" ">
    <subfield code="c">85211</subfield>
    <subfield code="d">85211</subfield>
  </datafield>
  <datafield tag="952" ind1=" " ind2=" ">
    <subfield code="0">0</subfield>
    <subfield code="1">0</subfield>
    <subfield code="2">ddc</subfield>
    <subfield code="4">0</subfield>
    <subfield code="7">1</subfield>
    <subfield code="8">NFIC</subfield>
    <subfield code="a">RUCL</subfield>
    <subfield code="b">RUCL</subfield>
    <subfield code="c">Reading</subfield>
    <subfield code="d">1975-02-15</subfield>
    <subfield code="e">S.A.Kazimi</subfield>
    <subfield code="l">0</subfield>
    <subfield code="o">U 297.273 SHI 1969</subfield>
    <subfield code="r">2025-07-15 00:00:00</subfield>
    <subfield code="t">C-1</subfield>
    <subfield code="w">2025-07-15</subfield>
    <subfield code="y">BK</subfield>
  </datafield>
</record>
